<?xml version="1.0" encoding="UTF-8"?>
<marc:record xmlns:marc="http://www.loc.gov/MARC21/slim">
   <marc:leader>00000nam a2200000 a 4500</marc:leader>
   <marc:datafield ind1="1" ind2=" " tag="100">
      <marc:subfield code="a">William, Anthony</marc:subfield>
      <marc:subfield code="4">aut</marc:subfield>
      <marc:subfield code="e">Verfasser/-in</marc:subfield>
   </marc:datafield>
   <marc:datafield ind1="0" ind2="0" tag="245">
      <marc:subfield code="a">Heile dein Gehirn – Das Praxisprogramm</marc:subfield>
   </marc:datafield>
   <marc:datafield ind1="0" ind2="0" tag="245">
      <marc:subfield code="b">hochwirksame Ernährungsstrategien und maßgeschneiderte Nährstoff-Therapien bei Angstzuständen, Depression, Long Covid, chronischer Erschöpfung, Alzheimer und Demenz : mit Heilplänen für mehr als 300 Krankheitsbilder + über 100 Rezepte</marc:subfield>
   </marc:datafield>
   <marc:datafield ind1="0" ind2="0" tag="245">
      <marc:subfield code="c">William, Anthony</marc:subfield>
   </marc:datafield>
   <marc:datafield ind1=" " ind2="1" tag="264">
      <marc:subfield code="c">2023</marc:subfield>
   </marc:datafield>
   <marc:datafield ind1=" " ind2=" " tag="250">
      <marc:subfield code="a">Deutsche Erstausgabe</marc:subfield>
   </marc:datafield>
   <marc:datafield ind1="1" ind2=" " tag="520">
      <marc:subfield code="a">Dieses große Medical-Medium-Praxisprogramm zu »Heile dein Gehirn« ist die unverzichtbare Vertiefung zum Basisbuch von Anthony William.&#xD;
In nie dagewesener Ausführlichkeit präsentiert er die wirksamsten Supplemente, Vitamine und Wirkstoffkombinationen für die Behandlung von mehr als 300 Symptomen bei chronischen neurologischen und psychischen Leiden: ob Long Covid, Migräne, Dauererschöpfung, Alzheimer, emotionales Essen oder Depression. Mithilfe von Dosierungsempfehlungen und nützlichen Detailinformationen können wir unseren individuellen Heilplan maßschneidern. Zugleich räumt William mit Vitamin- und Dosierungs-Irrtümern auf und macht klar, von welchen Präparaten wir die Finger lassen sollten. Auch mentales Boosting kommt nicht zu kurz: Die ausgeklügelten Wirkstoffkombinationen seiner Power-Shot-Kuren entfalten wahre Wundereffekte.&#xD;
Und auch auf dem Teller zeigt William eindrücklich, wie ein genussvolles, gesundes Leben geht: Seine pflanzenbasierten, fettarmen Brainfit-Gerichte kurbeln nicht nur den Stoffwechsel an, sondern leiten einen tiefen Entgiftungsprozess ein – für umfassende Heilung und nie dagewesene Gesundheit. Mit über 100 Rezepten. (Verlagstext)</marc:subfield>
   </marc:datafield>
   <marc:datafield ind1=" " ind2=" " tag="020">
      <marc:subfield code="a">9783442343041</marc:subfield>
      <marc:subfield code="9">9783442343041</marc:subfield>
   </marc:datafield>
   <marc:datafield ind1=" " ind2=" " tag="041">
      <marc:subfield code="a">ger</marc:subfield>
   </marc:datafield>
   <marc:datafield ind1=" " ind2=" " tag="338">
      <marc:subfield code="a">Band</marc:subfield>
   </marc:datafield>
   <marc:datafield ind1=" " ind2=" " tag="300">
      <marc:subfield code="a">588 Seiten, Illustrationen</marc:subfield>
   </marc:datafield>
</marc:record>
